|
|
|
|
| LEADER |
00000nam a2200000 a 4500 |
| 001 |
UCM9406 |
| 003 |
CL-VaPUC |
| 008 |
030425e20010000SP |||||||||||||||||spa|d |
| 020 |
|
|
|a 9788497321402
|
| 082 |
0 |
4 |
|a 544
|b BUR
|2 21
|
| 100 |
|
|
|a Burriel Martí, Fernando
|e author
|9 313745
|
| 700 |
0 |
|
|a Arribas Jimeno, Siro
|e author
|9 475912
|
| 700 |
0 |
|
|a Lucena Conde, Felipe
|e author
|9 475913
|
| 700 |
0 |
|
|a Hernández Mendez, Jesús
|e author
|9 475914
|
| 245 |
1 |
0 |
|a Química analítica cualitativa
|
| 250 |
|
|
|a 18a. ed
|
| 300 |
|
|
|a 1050 p
|
| 942 |
|
|
|c BK
|
| 945 |
|
|
|d 20030425 00:00:00
|a vberengu
|
| 260 |
|
|
|a Madrid
|b Paraninfo
|c 2001
|
| 650 |
|
0 |
|a Análisis cualitativo
|9 346076
|
| 650 |
|
0 |
|a Análisis químico
|9 344456
|
| 650 |
|
0 |
|a Aniones
|9 344792
|
| 650 |
|
7 |
|a CATIONES
|2 CL-VaPUC
|9 475917
|
| 650 |
|
7 |
|a REACCIONES DE OXIDACION
|2 CL-VaPUC
|9 432880
|
| 583 |
|
|
|a last modification
|c 20030425 00:00:00
|k Rodrigo Vera
|
| 999 |
|
|
|c 303676
|d 303674
|
| 952 |
|
|
|0 0
|1 0
|4 0
|6 544_000000000000000_BUR_2001
|7 0
|8 A
|9 365153
|a BIBCUR
|b BIBCUR
|d 2019-11-21
|i 3899896
|o 544 BUR 2001
|p 3899896
|r 2025-04-22
|w 2019-11-21
|y BK
|k BCB
|
| 952 |
|
|
|0 0
|1 0
|4 0
|6 544_000000000000000_BUR_2001
|7 0
|8 A
|9 365154
|a BIBCUR
|b BIBCUR
|d 2019-11-21
|i 4627512
|o 544 BUR 2001
|p 4627512
|r 2025-04-22
|w 2019-11-21
|y BK
|k QUI
|
| 952 |
|
|
|0 0
|1 0
|4 0
|6 544_000000000000000_BUR_2001
|7 0
|8 A
|9 365155
|a BIBCUR
|b BIBCUR
|d 2019-11-21
|i 4627520
|l 4
|m 1
|o 544 BUR 2001
|p 4627520
|r 2025-04-22
|s 2023-04-13
|w 2019-11-21
|y BK
|k QUI
|
| 952 |
|
|
|0 0
|1 0
|4 0
|6 544_000000000000000_BUR_2001
|7 0
|8 A
|9 365156
|a BIBCUR
|b BIBCUR
|d 2019-11-21
|i 4627539
|l 3
|o 544 BUR 2001
|p 4627539
|r 2025-04-22
|s 2024-05-03
|w 2019-11-21
|y BK
|k QUI
|
| 952 |
|
|
|0 0
|1 0
|4 0
|6 544_000000000000000_BUR_2001
|7 0
|8 A
|9 365157
|a BIBCUR
|b BIBCUR
|d 2019-11-21
|i 4627547
|l 1
|m 2
|o 544 BUR 2001
|p 4627547
|r 2025-04-22
|s 2023-05-18
|w 2019-11-21
|y BK
|k QUI
|
| 952 |
|
|
|0 0
|1 0
|2 ddc
|4 0
|6 544_000000000000000_BUR_2001
|7 0
|8 A
|9 365158
|a BIBCUR
|b BIBCUR
|d 2019-11-21
|i 4627555
|l 5
|m 1
|o 544 BUR 2001
|p 4627555
|r 2025-04-22
|s 2023-05-18
|w 2019-11-21
|y BK
|k QUI
|